[Event "Open Semana Santa 2023"]
[Site "?"]
[Date "2023.04.09"]
[Round "7.213"]
[White "Bethencourt Hernandez, Alberto I"]
[Black "Aracil Martinez, Arnau"]
[Result "0-1"]
[WhiteElo "1091"]
[BlackElo "1421"]
[PlyCount "122"]

1. e4 e5 2. f4 exf4 3. Nf3 d6 4. Bc4 h6 5. d4 g5 6. O-O g4 7. Bxf4 gxf3 8. Qxf3
Qe7 9. Nd2 Nc6 10. Bg3 Rh7 11. Bb5 Bd7 12. Bxc6 Bxc6 13. Qd3 O-O-O 14. d5 Be8
15. Rae1 f6 16. Qd4 Kb8 17. Nc4 h5 18. Ne3 Qd7 19. b3 Bg6 20. Qb4 h4 21. Bf2
Ne7 22. Nc4 h3 23. g3 c5 24. Qa3 Qg4 25. Nd2 Bh6 26. Qc1 Bxd2 27. Qxd2 Bxe4 28.
Be3 Qg6 29. c4 Nf5 30. Bf4 Nd4 31. Qa5 b6 32. Qc3 Rh4 33. b4 Kb7 34. bxc5 dxc5
35. a4 f5 36. a5 Qg4 37. Rf2 Nf3+ 38. Rxf3 Qxf3 39. a6+ Kc8 40. Qxf3 Bxf3 41.
Re7 Rxf4 42. gxf4 Rd7 43. Re6 Be4 44. Rh6 Rg7+ 45. Kf2 Rg2+ 46. Ke3 Rxh2 47. d6
Bg2 48. Rh7 Rh1 49. Rc7+ Kd8 50. Rxa7 h2 51. Kd2 Ra1 52. Rb7 Rxa6 53. Rg7 h1=Q
54. Rg8+ Kd7 55. Rg7+ Kxd6 56. Rg6+ Kc7 57. Rg7+ Kb8 58. Rg8+ Ka7 59. Rg7+ Bb7
60. Rf7 Ra2+ 61. Kd3 Qe4+ 0-1

[Event "Open Semana Santa 2023"]
[Site "?"]
[Date "2023.04.09"]
[Round "7.214"]
[White "Garcia Vives, Mireia"]
[Black "Garcia Castany, Jose"]
[Result "0-1"]
[WhiteElo "1003"]
[BlackElo "1354"]
[PlyCount "66"]

1. e4 c5 2. Nf3 d6 3. d4 cxd4 4. Nxd4 Nf6 5. Nc3 a6 6. Bg5 e6 7. Be2 Be7 8. O-O
Nbd7 9. f4 Qc7 10. Bg4 h6 11. Bxf6 Bxf6 12. Qd3 Qc5 13. Rfd1 e5 14. fxe5 dxe5
15. Nce2 exd4 16. Nxd4 Qxd4+ 17. Qxd4 Bxd4+ 18. Rxd4 Nf6 19. Be2 O-O 20. Rad1
Bg4 21. Bxg4 Nxg4 22. h3 Ne5 23. Kf2 Rac8 24. c3 Nc6 25. Rc4 Rcd8 26. Rxd8 Rxd8
27. Ke3 f6 28. Rd4 Nxd4 29. cxd4 Kf7 30. g4 Ke6 31. Kd3 Rc8 32. d5+ Kd6 33. Kd4
Rc2 0-1

[Event "Open Semana Santa 2023"]
[Site "?"]
[Date "2023.04.09"]
[Round "7.215"]
[White "Guzman Fuentes, Encarna"]
[Black "Munoz Martinez, Francisco"]
[Result "1-0"]
[WhiteElo "1311"]
[BlackElo "1069"]
[PlyCount "135"]

1. e4 e5 2. Nf3 Nc6 3. Bb5 d6 4. c3 Be7 5. d4 Bd7 6. d5 Nb8 7. Bc4 b5 8. Bb3
Na6 9. Be3 Nf6 10. Bc2 Qc8 11. O-O Ng4 12. Qe2 Nb8 13. Nbd2 a6 14. Rfd1 Qd8 15.
Nf1 Bc8 16. h3 Nh6 17. b3 Nd7 18. c4 Nf6 19. cxb5 a5 20. Qd2 Bf8 21. Ng3 Bd7
22. a4 Qc8 23. b4 Bxh3 24. Bxh6 gxh6 25. Nf5 Rg8 26. g3 Bg4 27. Qc3 Qd8 28.
Qc6+ Nd7 29. Kg2 Rg6 30. Rdc1 axb4 31. Bb3 Rb8 32. Qxc7 Be7 33. Qxd8+ Bxd8 34.
N3h4 Bxh4 35. Nxh4 Rf6 36. f3 Bh5 37. Nf5 Nc5 38. Bd1 Kf8 39. Rcb1 Nd3 40. Be2
Nc5 41. g4 Rg6 42. Kh3 Bxg4+ 43. fxg4 Nxe4 44. Rxb4 Nf2+ 45. Kg3 Nxg4 46. Bxg4
h5 47. Ne3 hxg4 48. Rxg4 Rf6 49. Rc4 Kg7 50. Rb1 Kh8 51. a5 h5 52. a6 Rg8+ 53.
Ng4 Rfg6 54. Rbb4 f5 55. Kf3 fxg4+ 56. Kg3 h4+ 57. Kg2 h3+ 58. Kg3 Rh6 59. Rb2
Rf6 60. Rxg4 e4 61. Rxg8+ Kxg8 62. a7 Rf3+ 63. Kh2 Ra3 64. b6 e3 65. b7 Rd3 66.
b8=Q+ Kf7 67. Qc7+ Kg6 68. Qc2 1-0

[Event "Open Semana Santa 2023"]
[Site "?"]
[Date "2023.07.09"]
[Round "7.221"]
[White "Martinez Silva, Gabriel"]
[Black "Kuzmin, Rolan"]
[Result "1-0"]
[WhiteElo "1232"]
[BlackElo "1024"]
[PlyCount "93"]
[EventDate "2023.??.??"]

1. d4 d5 2. Nf3 Nc6 3. Bf4 Bf5 4. e3 e6 5. Bb5 a6 6. Bxc6+ bxc6 7. Ne5 c5 8. c3
cxd4 9. Qa4+ c6 10. Nxc6 Qd7 11. b3 Rc8 12. Nxd4 Qxa4 13. bxa4 Bd3 14. Kd2 Be4
15. f3 f6 16. fxe4 e5 17. exd5 exd4 18. exd4 Ne7 19. Re1 g5 20. Bg3 f5 21. d6
f4 22. dxe7 Bxe7 23. Bf2 h5 24. d5 Kf7 25. Bd4 Rhg8 26. Kd3 g4 27. Re5 Rg5 28.
Rxg5 Bxg5 29. Nd2 Kg6 30. Ne4 h4 31. d6 Rb8 32. d7 Kf7 33. Nxg5+ Ke7 34. Rf1 g3
35. hxg3 f3 36. Rxf3 hxg3 37. Rf7+ Kd8 38. Rf8+ Kxd7 39. Rxb8 Kc7 40. Rb6 a5
41. Kc4 Kc8 42. Rh6 Kc7 43. Kc5 Kd7 44. Rh7+ Kc8 45. Kd6 Kb8 46. Kc6 Ka8 47.
Rh8# 1-0

[Event "Open Semana Santa 2023"]
[Site "?"]
[Date "2023.04.09"]
[Round "8.1"]
[White "GM Maurizzi, Marc`andria"]
[Black "GM Postny, Evgeny"]
[Result "1/2-1/2"]
[WhiteElo "2536"]
[BlackElo "2548"]
[PlyCount "116"]

1. e4 e5 2. Nf3 Nc6 3. Bb5 Nf6 4. O-O Nxe4 5. Re1 Nd6 6. a4 Be7 7. Nc3 O-O 8.
d4 e4 9. Nxe4 Nxe4 10. Rxe4 a6 11. Bf1 d5 12. Re1 Bg4 13. c3 Bd6 14. h3 Bh5 15.
g4 Bg6 16. Ne5 Nxe5 17. dxe5 Bc5 18. Be3 Bxe3 19. Rxe3 c6 20. Qd4 f5 21. e6 Qf6
22. Qxf6 Rxf6 23. g5 Rff8 24. f4 Rfd8 25. Rae1 Be8 26. a5 g6 27. Re5 Rd6 28. c4
dxc4 29. Bxc4 Kg7 30. e7 Rc8 31. Re6 Rxe6 32. Bxe6 Rc7 33. Bb3 Rc8 34. Be6 Rc7
35. Bb3 Rc8 36. Kf2 Bf7 37. e8=Q Rxe8 38. Rxe8 Bxe8 39. Ke3 Bf7 40. Bd1 Kf8 41.
Kd4 Ke7 42. Ke5 Bd5 43. b4 Be6 44. Bf3 Bd7 45. Be2 Be6 46. h4 Bf7 47. Bf3 Be6
48. h5 Bd7 49. h6 Be6 50. Be2 Bf7 51. Bd3 Be6 52. Bc2 Bf7 53. Bd1 Be6 54. Bf3
Bd7 55. Bh5 Be8 56. Be2 Bf7 57. Bd3 Be6 58. Bc2 Bf7 1/2-1/2

[Event "Open Semana Santa 2023"]
[Site "?"]
[Date "2023.04.09"]
[Round "8.2"]
[White "GM Chigaev, Maksim"]
[Black "GM Xu, Yi"]
[Result "1/2-1/2"]
[WhiteElo "2617"]
[BlackElo "2505"]
[Annotator "Usuario"]
[PlyCount "38"]
[EventDate "2023.??.??"]

1. Nf3 d5 2. g3 Nf6 3. Bg2 e6 4. O-O Be7 5. c4 O-O 6. d4 dxc4 7. Ne5 Nc6 8.
Bxc6 bxc6 9. Nxc6 Qe8 10. Nxe7+ Qxe7 11. Nc3 Rd8 12. Qa4 Rxd4 13. Be3 e5 14.
Bxd4 exd4 15. Qc6 Rb8 16. Nd5 Nxd5 17. Qxd5 c5 18. Qxc4 Bh3 19. b3 Bxf1 $11
1/2-1/2

[Event "Open Semana Santa 2023"]
[Site "?"]
[Date "2023.04.09"]
[Round "8.3"]
[White "GM Mendonca, Leon Luke"]
[Black "GM Solodovnichenko, Yuri"]
[Result "1/2-1/2"]
[WhiteElo "2596"]
[BlackElo "2489"]
[PlyCount "110"]

1. d4 Nf6 2. c4 e6 3. Nf3 c5 4. d5 d6 5. Nc3 exd5 6. cxd5 g6 7. Nd2 Bg7 8. e4
O-O 9. Be2 Na6 10. O-O Nc7 11. a4 a6 12. Nc4 b5 13. axb5 axb5 14. Rxa8 Nxa8 15.
Nxb5 Nxe4 16. Bf4 Qf6 17. g3 Bh3 18. Re1 Nxf2 19. Kxf2 g5 20. Bg4 Bxg4 21. Qxg4
gxf4 22. Qxf4 Qxf4+ 23. gxf4 Rb8 24. Nbxd6 Bd4+ 25. Kf3 Nc7 26. Ke4 Ne8 27. Nf5
Nf6+ 28. Kd3 Nxd5 29. Nxd4 cxd4 30. Re4 Rd8 31. Kd2 Nf6 32. Re1 Nd5 33. Rg1+
Kf8 34. Ne5 Nxf4 35. Rf1 Rd5 36. Rxf4 Rxe5 37. Rxd4 f5 38. b4 Kf7 39. Kd3 Kf6
40. Kc4 Re2 41. b5 Rxh2 42. b6 Rb2 43. Kc5 Ke5 44. Rb4 Rc2+ 45. Rc4 Rb2 46. Rb4
Rc2+ 47. Kb5 Rc8 48. Rh4 f4 49. Rxh7 f3 50. b7 Rb8 51. Kb6 Ke4 52. Ka7 Rxb7+
53. Kxb7 f2 54. Rf7 Ke3 55. Rxf2 Kxf2 1/2-1/2

[Event "Open Semana Santa 2023"]
[Site "?"]
[Date "2023.04.09"]
[Round "8.4"]
[White "IM Fernandez Guillen, Ernesto J"]
[Black "GM Sosa, Tomas"]
[Result "1/2-1/2"]
[WhiteElo "2461"]
[BlackElo "2544"]
[Annotator "Usuario"]
[PlyCount "33"]
[EventDate "2023.??.??"]

1. e4 e5 2. Nf3 Nc6 3. Bc4 Nf6 4. d3 Bc5 5. c3 d6 6. Nbd2 O-O 7. Bb3 a5 8. h3
Be6 9. O-O h6 10. Nc4 Nxe4 11. dxe4 a4 12. Ncxe5 Nxe5 13. Bc2 Qd7 14. Bf4 Ng6
15. Bh2 Ra5 16. Qd3 Ne5 17. Nxe5 $11 1/2-1/2

[Event "Open Semana Santa 2023"]
[Site "?"]
[Date "2023.04.09"]
[Round "8.5"]
[White "GM Almeida Quintana, Omar"]
[Black "IM Espinosa Aranda, Angel"]
[Result "1/2-1/2"]
[WhiteElo "2526"]
[BlackElo "2429"]
[Annotator "Usuario"]
[PlyCount "61"]

1. d4 d5 2. Nf3 Nf6 3. c4 dxc4 4. e3 e6 5. Bxc4 c5 6. O-O a6 7. Be2 Nbd7 8. b3
b6 9. Ne5 Bb7 10. Bf3 Bxf3 11. Nxf3 Be7 12. Bb2 O-O 13. Nbd2 Qc7 14. Qe2 Qb7
15. a4 Rac8 16. Rac1 Rfd8 17. Rfd1 cxd4 18. Bxd4 Nc5 19. Ne5 Nfd7 20. Nxd7 Rxd7
21. Bxc5 Bxc5 $11 22. Nf3 Rcd8 23. Rxd7 Rxd7 24. Qc4 a5 25. h3 h6 26. Qb5 Qd5
27. Ne5 Rd8 28. Nc6 Ra8 29. Nd4 Rd8 30. Nc6 Ra8 31. Nd4 1/2-1/2

[Event "Open Semana Santa 2023"]
[Site "?"]
[Date "2023.04.09"]
[Round "8.6"]
[White "IM Iermito, Sebastian"]
[Black "IM Alonso Garcia, Aaron"]
[Result "1/2-1/2"]
[WhiteElo "2533"]
[BlackElo "2426"]
[PlyCount "49"]

1. e4 c5 2. Nf3 e6 3. d4 cxd4 4. Nxd4 Nc6 5. Bf4 d6 6. Nxc6 bxc6 7. c4 e5 8.
Be3 Nf6 9. Nc3 Be7 10. Be2 O-O 11. O-O Rb8 12. Qc2 Qc7 13. Rfd1 Ng4 14. Bxg4
Bxg4 15. f3 Be6 16. b3 f5 17. c5 dxc5 18. exf5 Bxf5 19. Ne4 Rb4 20. a3 Bxe4 21.
fxe4 Rbb8 22. Qc4+ Kh8 23. Rd3 Rbd8 24. Rad1 Rxd3 25. Rxd3 1/2-1/2

[Event "Open Semana Santa 2023"]
[Site "?"]
[Date "2023.04.09"]
[Round "8.8"]
[White "GM Hovhannisyan, Mher"]
[Black "IM Kosakowski, Jakub"]
[Result "0-1"]
[WhiteElo "2418"]
[BlackElo "2479"]
[PlyCount "88"]

1. e4 c6 2. d4 d5 3. exd5 cxd5 4. c4 Nf6 5. Nc3 Nc6 6. Nf3 a6 7. h3 g6 8. Bg5
Be6 9. Bxf6 exf6 10. Be2 Bb4 11. cxd5 Bxd5 12. O-O O-O 13. Nxd5 Qxd5 14. a3 Ba5
15. Rc1 Rad8 16. Bc4 Qd6 17. d5 Ne5 18. Ba2 Rfe8 19. Qb3 Nxf3+ 20. Qxf3 Re5 21.
Rc2 Rde8 22. g3 Kg7 23. Kg2 h5 24. h4 Re4 25. Rd1 f5 26. b4 Bb6 27. Rdd2 f4 28.
Re2 Rxe2 29. Rxe2 Rxe2 30. Qxe2 fxg3 31. fxg3 Qf6 32. Bc4 Bc7 33. Qf3 Qd4 34.
Bf1 Bd6 35. Qd3 Qa1 36. Kh3 Qe1 37. Bg2 f6 38. Bf1 Qf2 39. Bg2 Qe1 40. Qf3 g5
41. hxg5 fxg5 42. Qd3 g4+ 43. Kh2 Kh6 44. Qe4 Bxg3# 0-1

[Event "Open Semana Santa 2023"]
[Site "?"]
[Date "2023.04.09"]
[Round "8.9"]
[White "IM Poormosavi, Seyed Kian"]
[Black "IM Pijpers, Arthur"]
[Result "0-1"]
[WhiteElo "2418"]
[BlackElo "2474"]
[PlyCount "76"]

1. Nf3 d5 2. b3 Nf6 3. Bb2 Bf5 4. e3 e6 5. Be2 h6 6. c4 Bd6 7. O-O O-O 8. cxd5
exd5 9. d3 c6 10. Nbd2 a5 11. a3 Nbd7 12. Re1 Re8 13. Nf1 Ne5 14. Nxe5 Bxe5 15.
Bxe5 Rxe5 16. d4 Re8 17. Ng3 Qd7 18. b4 axb4 19. axb4 b5 20. Qc1 Bg6 21. Qc5
Qb7 22. Rxa8 Rxa8 23. Rc1 Ra6 24. h4 Qd7 25. h5 Ne4 26. Nxe4 Bxe4 27. f3 Bf5
28. g4 Be6 29. Bd3 f5 30. Bb1 Qd8 31. Qc2 Qg5 32. Re1 fxg4 33. Qh7+ Kf8 34. Qg6
Qh4 35. Re2 Ra1 36. Rg2 Qe1+ 37. Kh2 Rxb1 38. Rxg4 Qf2+ 0-1

[Event "Open Semana Santa 2023"]
[Site "?"]
[Date "2023.04.09"]
[Round "8.10"]
[White "FM Trigo Urquijo, Sergio"]
[Black "GM Movsziszian, Karen"]
[Result "0-1"]
[WhiteElo "2408"]
[BlackElo "2468"]
[PlyCount "84"]

1. Nf3 g6 2. g3 Bg7 3. d4 d6 4. Bg2 Nf6 5. O-O O-O 6. b3 e5 7. dxe5 dxe5 8.
Nxe5 Qxd1 9. Rxd1 Ng4 10. Nxg4 Bxa1 11. Ne3 Bf6 12. Nd5 Bd8 13. Ba3 Re8 14.
Nbc3 c6 15. Ne3 f5 16. Nc4 Bc7 17. e4 Be6 18. Nd6 Bxd6 19. Bxd6 fxe4 20. Nxe4
Nd7 21. Ba3 Bd5 22. Nd6 Re2 23. Bxd5+ cxd5 24. Rxd5 Rxc2 25. Ne4 Nb6 26. Re5
Rxa2 27. Bb4 Rb2 28. Nf6+ Kg7 29. Ng4 Rxb3 30. Re7+ Kf8 31. Bd6 Rd3 32. Bc5 Rc8
33. Bb4 Rc4 34. Re4+ Rxb4 35. Rxb4 Ke7 36. Ne5 Rd1+ 37. Kg2 Kd6 38. Ng4 Kc5 39.
Rb2 Rd4 40. Ne3 a5 41. f4 a4 42. Kf3 Rd3 0-1

[Event "Open Semana Santa 2023"]
[Site "?"]
[Date "2023.04.09"]
[Round "8.11"]
[White "IM Plazuelo Pascual, Juan"]
[Black "IM Ladron De Guevara Pinto, Paolo"]
[Result "1/2-1/2"]
[WhiteElo "2449"]
[BlackElo "2403"]
[Annotator "Usuario"]
[PlyCount "48"]

1. e4 e5 2. Nf3 Nc6 3. Bb5 a6 4. Ba4 d6 5. O-O Bd7 6. c4 g6 7. d4 Bg7 8. Bxc6
Bxc6 9. Nc3 Ne7 10. Re1 O-O 11. Nd5 Bd7 12. dxe5 dxe5 13. Be3 Nxd5 14. cxd5 c6
15. Qb3 cxd5 16. exd5 b5 17. Rad1 Re8 18. Ng5 Bf5 19. f3 Rc8 20. d6 Qd7 21.
Qxf7+ Qxf7 22. Nxf7 Kxf7 23. d7 Bxd7 24. Rxd7+ Re7 $11 1/2-1/2

[Event "Open Semana Santa 2023"]
[Site "?"]
[Date "2023.04.09"]
[Round "8.12"]
[White "IM Tejedor Fuente, Enrique"]
[Black "IM Garcia Ramos, Daniel"]
[Result "0-1"]
[WhiteElo "2390"]
[BlackElo "2442"]
[PlyCount "156"]

1. e4 c6 2. Nf3 d5 3. d3 dxe4 4. dxe4 Qxd1+ 5. Kxd1 Nf6 6. Nbd2 a5 7. a4 Nbd7
8. Bc4 g6 9. Re1 Bg7 10. Ke2 O-O 11. Kf1 Nc5 12. e5 Nd5 13. b3 Bf5 14. Ba3 Ne6
15. Rac1 Nb4 16. Bxb4 axb4 17. h3 h5 18. Ne4 Bh6 19. Rcd1 Rfd8 20. Rxd8+ Rxd8
21. Kg1 b6 22. Bd3 Nf4 23. Bf1 Nd5 24. Bd3 Nc3 25. Nxc3 Bxd3 26. Na2 Bxc2 27.
Nxb4 Bxb3 28. Nxc6 Ra8 29. Rb1 Bxa4 30. Nxe7+ Kf8 31. Nd5 b5 32. Nc3 Bg7 33.
Rb4 Ra5 34. Rd4 Bb3 35. Rd8+ Ke7 36. Rb8 Bc4 37. Kh2 Kd7 38. Ne4 Bd5 39. Rg8
Bxe4 40. Rxg7 Bd5 41. Nd4 b4 42. Rg8 Kc7 43. Rg7 Kb6 44. e6 fxe6 45. Rxg6 b3
46. Nxb3 Bxb3 47. Kg3 Kc7 48. Kh4 Kd6 49. Rh6 Ra2 50. Kg3 Bd1 51. Rh8 Ke7 52.
Rh7+ Kf6 53. Rh8 Kg7 54. Rd8 Bb3 55. Rd3 Bd5 56. Rc3 Kf6 57. h4 Ra8 58. Kh3 Kf5
59. Rg3 Ra1 60. Rg5+ Kf4 61. Kh2 Rf1 62. f3 Rf2 63. Kg1 Ra2 64. Kh1 Ke3 65.
Rxh5 Kf2 66. Rg5 Ra4 67. Rh5 Kf1 68. Rh6 Ra2 69. Rg6 Rxg2 70. Rxg2 Bxf3 71. Kh2
Bxg2 72. Kg3 e5 73. Kg4 Be4 74. Kg5 Bc2 75. h5 Kf2 76. h6 Ke3 77. Kf6 Kf4 78.
Ke6 Bf5+ 0-1

[Event "Open Semana Santa 2023"]
[Site "?"]
[Date "2023.04.09"]
[Round "8.13"]
[White "GM Ubilava, Elizbar"]
[Black "IM Martin Duque, Jesus"]
[Result "1-0"]
[WhiteElo "2435"]
[BlackElo "2386"]
[PlyCount "91"]

1. d4 Nf6 2. c4 e6 3. Nc3 Bb4 4. Qc2 d6 5. Bg5 Nbd7 6. e3 O-O 7. Bd3 h6 8. Bh4
c5 9. Nge2 b5 10. cxb5 Bb7 11. O-O Rc8 12. a3 Bxc3 13. Nxc3 cxd4 14. exd4 Qb6
15. Rfd1 Ba8 16. Bf1 g5 17. Bg3 Ne4 18. f3 Nxg3 19. hxg3 Nf6 20. Qf2 Kg7 21.
Rac1 Nd5 22. Nxd5 Bxd5 23. Qe3 f5 24. Rc3 Rce8 25. b4 f4 26. gxf4 Rxf4 27. a4
Ref8 28. Bc4 Qb7 29. Bxd5 Qxd5 30. Rc7+ R8f7 31. Rxf7+ Rxf7 32. Rc1 Rf4 33.
Rc7+ Kf6 34. Rh7 Rh4 35. Qc3 Qa2 36. Rd7 Qd5 37. Rxa7 Rxd4 38. b6 g4 39. fxg4
Qe5 40. Rc7 Kg5 41. Qc1+ Kg6 42. b7 Re4 43. Qb1 Kg5 44. Qc1+ Kg6 45. Qc2 Kf6
46. Qc3 1-0

[Event "Open Semana Santa 2023"]
[Site "?"]
[Date "2023.10.01"]
[Round "8.14"]
[White "IM Garrido Outon, Alex"]
[Black "IM Martinez Ramirez, Lennis"]
[Result "1-0"]
[WhiteElo "2379"]
[BlackElo "2428"]
[PlyCount "107"]

1. e4 c5 2. Nf3 a6 3. Nc3 e6 4. d4 cxd4 5. Nxd4 Qc7 6. Bd3 Nf6 7. O-O Nc6 8.
Nxc6 bxc6 9. f4 d5 10. Qf3 Bb7 11. Bd2 c5 12. exd5 c4 13. Be4 exd5 14. Bf5 Bc5+
15. Kh1 g6 16. Qe2+ Kf8 17. Qe5 Qd8 18. Bh3 Kg7 19. Na4 Ba7 20. f5 Re8 21. Qf4
g5 22. Qxg5+ Kh8 23. Qh6 Rg8 24. Bg5 Rxg5 25. Qxg5 Qd6 26. Nc3 Bb8 27. Qg3 Qxg3
28. hxg3 Bxg3 29. Ne2 Ne4 30. Bg4 Nf2+ 31. Kg1 Nxg4 32. Nxg3 Ne3 33. Rf2 d4 34.
Nf1 Ng4 35. Rf4 Rg8 36. g3 Ne5 37. f6 Re8 38. Nd2 d3 39. cxd3 cxd3 40. Kf1 Ng6
41. Rd4 h5 42. Re1 Rc8 43. Rxd3 Rc6 44. Ne4 h4 45. Rd8+ Kh7 46. Ng5+ Kh6 47.
Nxf7+ Kh5 48. Rd5+ Kg4 49. Rg5+ Kh3 50. Rxg6 Rc2 51. Ng5+ Kg4 52. Ne6+ Kh3 53.
Nf4+ Kh2 54. Re2+ 1-0

[Event "Open Semana Santa 2023"]
[Site "?"]
[Date "2023.04.09"]
[Round "8.15"]
[White "GM Yuffa, Daniil"]
[Black "IM Suarez Uriel, Adrian"]
[Result "1/2-1/2"]
[WhiteElo "2602"]
[BlackElo "2356"]
[PlyCount "123"]

1. c4 c5 2. g3 Nf6 3. Bg2 d5 4. cxd5 Nxd5 5. Nc3 Nc7 6. Nf3 Nc6 7. O-O e5 8. a3
Rb8 9. d3 Be7 10. Nd2 Bd7 11. Nc4 b5 12. Bxc6 Bxc6 13. Nxe5 Ba8 14. e4 Ne6 15.
a4 b4 16. Ne2 O-O 17. Be3 b3 18. Rc1 f5 19. d4 Bxe4 20. d5 Bxd5 21. Nc3 Ba8 22.
Qd7 Ng5 23. Rfd1 Qe8 24. Bxg5 Bxg5 25. f4 Bf6 26. Qxe8 Rfxe8 27. Rd7 a6 28. Rd6
Bb7 29. Kf2 Be7 30. Rd7 c4 31. Rc7 Bd6 32. Rxc4 Rbc8 33. Rd1 Rxc4 34. Nxc4 Bc5+
35. Kf1 Bf3 36. Rd3 Bb7 37. Ne5 h6 38. h4 g5 39. Rd7 Re7 40. Rd8+ Kg7 41. Nd5
Bxd5 42. Rxd5 Be3 43. hxg5 hxg5 44. fxg5 Bxg5 45. Nd3 Kg6 46. Kf2 Re6 47. Nc5
Rb6 48. Kf3 Be7 49. Nd3 Bf6 50. Rd7 Kg5 51. Rd5 Kg6 52. Rd7 Kg5 53. Rd5 Kg6 54.
Rc5 Rd6 55. Ke2 Kg5 56. Rc4 Bd4 57. Kf3 Bf6 58. Ke3 Re6+ 59. Kf3 Rd6 60. Ke3
Re6+ 61. Kf3 Rd6 62. Ke3 1/2-1/2

[Event "Open Semana Santa 2023"]
[Site "?"]
[Date "2023.04.09"]
[Round "8.16"]
[White "GM Moussard, Jules"]
[Black "IM Lammers, Markus"]
[Result "1-0"]
[WhiteElo "2667"]
[BlackElo "2338"]
[PlyCount "99"]

1. e4 e5 2. Nf3 Nf6 3. d4 Nxe4 4. Bd3 d5 5. Nxe5 Be7 6. O-O O-O 7. Nc3 Nxc3 8.
bxc3 Nd7 9. Nxd7 Qxd7 10. Re1 Qd8 11. Rb1 b6 12. Qh5 g6 13. Qf3 c6 14. Bh6 Re8
15. Re5 Be6 16. Rbe1 Bd6 17. Bg5 Qc7 18. Bf6 Bd7 19. Qf4 Re6 20. Qh4 Rxf6 21.
Qxf6 Bxe5 22. Rxe5 Re8 23. h4 Qd8 24. Qd6 Be6 25. Qxc6 Re7 26. h5 Rc7 27. Qa4
Kg7 28. Qa3 Qe7 29. Qb2 Qf6 30. Re3 Qg5 31. Be2 Qf4 32. Qb4 Kg8 33. Qa4 Qd6 34.
Bf3 Kg7 35. Qb5 Qa3 36. Bxd5 Rxc3 37. Rxc3 Qxc3 38. Bxe6 fxe6 39. Qd7+ Kh6 40.
hxg6 Qe1+ 41. Kh2 Qxf2 42. Qxe6 Qxd4 43. gxh7+ Kxh7 44. Qf5+ Kg7 45. Qd3 Qa4
46. a3 Qh4+ 47. Qh3 Qd4 48. Qg3+ Kh6 49. Qf3 b5 50. Kh3 1-0

[Event "Open Semana Santa 2023"]
[Site "?"]
[Date "2023.04.09"]
[Round "8.17"]
[White "WGM Alinasab, Mobina"]
[Black "GM Jacobson, Brandon"]
[Result "0-1"]
[WhiteElo "2334"]
[BlackElo "2556"]
[PlyCount "116"]

1. e4 e5 2. Nf3 Nc6 3. Bb5 a6 4. Ba4 Nf6 5. O-O d6 6. Re1 Bd7 7. Bxc6 Bxc6 8.
d4 Be7 9. Nc3 exd4 10. Nxd4 Bd7 11. Qf3 O-O 12. Nf5 Bxf5 13. Qxf5 c6 14. Be3
Re8 15. Rad1 Qc7 16. Bd4 Rad8 17. Rd3 Qd7 18. Qxd7 Nxd7 19. f3 b5 20. b3 Rc8
21. Be3 Ne5 22. Rdd1 Bf8 23. Bf4 f6 24. Ne2 d5 25. Bg3 dxe4 26. fxe4 Nf7 27.
Nc1 Ng5 28. e5 f5 29. Rd7 Ne4 30. Nd3 Rcd8 31. Rc7 c5 32. Bf2 Rc8 33. Rxc8 Rxc8
34. c4 Kf7 35. Be3 Ke6 36. Nf4+ Kxe5 37. Rd1 Bd6 38. Rd5+ Kf6 39. Nh5+ Kg6 40.
Nf4+ Bxf4 41. Bxf4 Rc6 42. h3 h5 43. h4 Nf6 44. Rd2 bxc4 45. bxc4 Re6 46. Bg5
Ne4 47. Rd5 Nxg5 48. hxg5 Re2 49. a4 Kxg5 50. Rxc5 Kg4 51. Kf1 Rc2 52. Rc6 g5
53. Rc5 h4 54. a5 Kf4 55. Rc6 g4 56. Rxa6 Rc1+ 57. Ke2 h3 58. gxh3 gxh3 0-1

[Event "Open Semana Santa 2023"]
[Site "?"]
[Date "2023.04.09"]
[Round "8.18"]
[White "GM Cuenca Jimenez, Jose Fernando"]
[Black "FM Martin Carmona, Gaston Manuel"]
[Result "1-0"]
[WhiteElo "2553"]
[BlackElo "2333"]
[PlyCount "107"]

1. d4 Nf6 2. c4 g6 3. Nc3 d5 4. cxd5 Nxd5 5. e4 Nxc3 6. bxc3 Bg7 7. Nf3 c5 8.
Be3 Qa5 9. Qd2 O-O 10. Rc1 Bg4 11. d5 b5 12. Be2 Nd7 13. h3 Bxf3 14. Bxf3 c4
15. O-O Qc7 16. Bd1 Nc5 17. Bc2 Rfd8 18. Bg5 Rd7 19. Qe3 e6 20. Rfd1 Re8 21.
Bf4 e5 22. Bg5 Qd6 23. Qe2 Qa6 24. Rb1 Bf8 25. Qd2 Qa5 26. Be3 a6 27. a4 Ra8
28. axb5 axb5 29. Rb2 Na4 30. Ra2 Rb8 31. Rda1 Qxc3 32. Bxa4 Qxd2 33. Bxd2 bxa4
34. Rxa4 Rc8 35. Rc1 Rdc7 36. Bc3 f6 37. Kf1 Kf7 38. Rb1 Bd6 39. Ke2 Ke7 40.
Rb6 Bc5 41. Re6+ Kf7 42. Rxc4 Bxf2 43. Rxc7+ Rxc7 44. Bxe5 Rc2+ 45. Kd3 Ra2 46.
Rxf6+ Ke8 47. Bc3 Bh4 48. Rb6 Rxg2 49. Rb8+ Kf7 50. Rb7+ Ke8 51. Rxh7 Rg3+ 52.
Kc4 Be7 53. e5 Bf8 54. d6 1-0

[Event "Open Semana Santa 2023"]
[Site "?"]
[Date "2023.04.09"]
[Round "8.19"]
[White "FM Fiedorek, Michal"]
[Black "GM Dvirnyy, Danyyil"]
[Result "0-1"]
[WhiteElo "2328"]
[BlackElo "2541"]
[PlyCount "74"]

1. e4 c6 2. d4 d5 3. Nc3 dxe4 4. Nxe4 Nf6 5. Nxf6+ exf6 6. c3 Bd6 7. Bd3 O-O 8.
Qc2 Re8+ 9. Ne2 f5 10. Bxf5 Bxf5 11. Qxf5 Nd7 12. Qd3 Qe7 13. Be3 Nb6 14. Ng3
Bf4 15. O-O Bxe3 16. Nf5 Bxf2+ 17. Rxf2 Qf8 18. Raf1 Re6 19. c4 Rd8 20. c5 Nc8
21. Qd2 f6 22. Re2 Rxe2 23. Qxe2 Re8 24. Qg4 g6 25. Ng3 Qg7 26. Qf4 f5 27. h4
Ne7 28. Re1 Rd8 29. Re5 Nd5 30. Qf3 Nf6 31. Qe3 Kf8 32. Re6 Ng4 33. Qf4 Qxd4+
34. Qxd4 Rxd4 35. Kf1 Rd1+ 36. Ke2 Rd5 37. b4 Kf7 0-1

[Event "Open Semana Santa 2023"]
[Site "?"]
[Date "2023.04.09"]
[Round "8.20"]
[White "FM Cesar Maestre, Bernardo"]
[Black "GM Brunello, Sabino"]
[Result "1/2-1/2"]
[WhiteElo "2317"]
[BlackElo "2510"]
[Annotator "Usuario"]
[PlyCount "72"]

1. e4 c5 2. Nf3 d6 3. d4 cxd4 4. Nxd4 Nf6 5. Nc3 a6 6. Be3 e5 7. Nb3 Be6 8. f3
Nbd7 9. g4 Be7 10. Qd2 O-O 11. O-O-O b5 12. g5 Nh5 13. Nd5 Bxd5 14. exd5 f5 15.
h4 Ng3 16. Rh2 Nxf1 17. Rxf1 a5 18. Kb1 Qc7 19. f4 a4 20. Nc1 a3 21. b3 Nc5 22.
Bxc5 Qxc5 23. Re2 e4 24. Re3 b4 25. c4 Bd8 26. Ne2 Bb6 27. Rh3 Kf7 28. h5 Ke8
29. Rh2 Qe3 30. Qxe3 Bxe3 31. Rh3 Bc5 32. Kc2 Kd7 33. Rd1 Rae8 34. Rf1 Kc7 35.
Rd1 Kb6 36. Rf1 Re7 $11 1/2-1/2

[Event "Open Semana Santa 2023"]
[Site "?"]
[Date "2023.04.09"]
[Round "8.21"]
[White "FM Diaz Velandia, Jose Manuel"]
[Black "GM Sumets, Andrey"]
[Result "0-1"]
[WhiteElo "2318"]
[BlackElo "2506"]
[Annotator "Usuario"]
[PlyCount "48"]

1. d4 Nf6 2. Nf3 d5 3. e3 g6 4. c4 Bg7 5. Nc3 O-O 6. Bd3 c5 7. dxc5 dxc4 8.
Bxc4 Qxd1+ 9. Kxd1 Nbd7 10. Ke2 $11 Nxc5 11. Nd4 Bd7 12. Rd1 Rfc8 13. Bb5 Bxb5+
14. Ndxb5 a6 15. Nd4 b5 16. Bd2 b4 17. Nb1 Nd5 18. Be1 a5 19. f3 e6 20. g3 f5
21. Rc1 f4 22. Nd2 fxe3 23. N2b3 Nxb3 24. Nxb3 a4 0-1

[Event "Open Semana Santa 2023"]
[Site "?"]
[Date "2023.04.09"]
[Round "8.22"]
[White "IM Chen, Qi B"]
[Black "FM Mingarro Carceller, Sergi"]
[Result "1-0"]
[WhiteElo "2493"]
[BlackElo "2308"]
[PlyCount "47"]

1. e4 c5 2. Nf3 d6 3. d4 cxd4 4. Nxd4 Nf6 5. Nc3 Nc6 6. g3 g6 7. Bg2 Nxd4 8.
Qxd4 Bg7 9. O-O O-O 10. Qb4 Be6 11. Nd5 Nxd5 12. exd5 Bf5 13. c3 Qd7 14. Re1
Rfe8 15. a4 Rab8 16. a5 b5 17. a6 Rec8 18. Bg5 Bf8 19. Ra5 Rc4 20. Qb3 Qc7 21.
Rxb5 Bc2 22. Qxc4 Qxc4 23. Rxb8 f6 24. Bh6 1-0

[Event "Open Semana Santa 2023"]
[Site "?"]
[Date "2023.04.09"]
[Round "8.23"]
[White "IM Garriga Cazorla, Pere"]
[Black "FM Garrido Diaz, Jose Antonio"]
[Result "1/2-1/2"]
[WhiteElo "2476"]
[BlackElo "2302"]
[PlyCount "111"]

1. d4 d5 2. c4 e6 3. Nc3 Nf6 4. cxd5 exd5 5. Bg5 c6 6. e3 h6 7. Bh4 Be7 8. Bd3
O-O 9. Qc2 Ne8 10. Bg3 Nd6 11. Nf3 Re8 12. O-O Be6 13. Ne5 Nd7 14. Rad1 Nf6 15.
f3 Bf8 16. Kh1 Rc8 17. Bf2 b5 18. e4 a5 19. b3 Qc7 20. Rc1 Qb7 21. Rfe1 Qa8 22.
Qb2 a4 23. Bb1 axb3 24. axb3 Qb7 25. Nd3 b4 26. Na4 Nb5 27. Nac5 Bxc5 28. Nxc5
Qa7 29. e5 Nd7 30. Na4 Nb6 31. Nxb6 Qxb6 32. Qc2 g6 33. Qd2 Kg7 34. Be3 Rh8 35.
Qxb4 Qa7 36. Qd2 Qd7 37. Bd3 Bf5 38. Bf1 Be6 39. Rc5 Qb7 40. Rec1 Bd7 41. f4
Bf5 42. Bf2 Rhe8 43. h3 Na7 44. b4 Rb8 45. Be1 Rec8 46. Kh2 Nb5 47. Qf2 Ra8 48.
g4 Be4 49. f5 Qd7 50. Bd2 Kh7 51. h4 gxf5 52. gxf5 Qxf5 53. Qxf5+ Bxf5 54. Bxb5
cxb5 55. Rxc8 Rxc8 56. Rxc8 1/2-1/2